000 00941nam0a22002771 4500
001 rc\3490420
005 20250610011956.0
021 _aRU
_b75-ОЭ-114/14
021 _aRU
_bРг7335-75
035 _a(NLR Aleph) 007606812
090 _a5773921
_c5773921
100 _a20130115d1974 |||y0rusy50 ca
101 0 _arus
102 _aRU
105 _ay z |||||
200 1 _aПриключения Незнайки. Незнайка-путешественник
_fВсерос. театр. о-во
210 _aМосква
_cБ. и.
_d1974
215 _a55 с.
_d20
311 _aПрил. к комплекту № 3 "Театра кукол"
422 0 _12001#$aТеатр кукол$eКомплект$v№ 3
_tТеатр кукол
700 1 _aНосов
_bН.Н.
_f1908-1976
_gНиколай Николаевич
801 0 _aRU
_bNLR
_gpsbo
801 1 _aRU
_bELAR
_2rusmarc
852 _aNLR
_j75-4/3643
942 _cBOOK
980 _aNB